000 00320nam a2200157Ia 4500
100 _aRagi/Sangit kumar
942 _cBK
366 _f20
654 _aadministrative thinkers
245 _aAdministrative thinkers
260 _bTrinity
_c2012
082 _bRAG
300 _a430
546 _aENGLISH
999 _c23374
_d23374